Hachette Children's Yearbook & Infopedia 2020/ (Record no. 172305)

MARC details
000 -LEADER
fixed length control field 00530nam a22001817a 4500
005 - DATE AND TIME OF LATEST TRANSACTION
control field 20200131123505.0
010 ## - LCCN (DPL NO)
LC control number ENG-127587
020 ## - INTERNATIONAL STANDARD BOOK NUMBER
International Standard Book Number 9789388322959
Terms of availability 250.00
035 ## - SYSTEM CONTROL NUMBER
System control number EN-111119
037 ## - SOURCE OF ACQUISITION
Source of stock number/acquisition DBAD/PUB
082 ## - DEWEY DECIMAL CLASSIFICATION NUMBER
Classification number 000
245 ## - TITLE STATEMENT
Title Hachette Children's Yearbook & Infopedia 2020/
260 ## - PUBLICATION, DISTRIBUTION, ETC. (IMPRINT)
Place of publication, distribution, etc Gurugram
Name of publisher, distributor, etc Hachette India
Date of publication, distribution, etc 2019
270 ## - ADDRESS
City Gurugram
Address 4th & 5th floor , corporate centre, plot no-94,sector-44
Postal code 122003
300 ## - PHYSICAL DESCRIPTION
Extent 236p.
Other physical details 22 cm(pbk)
500 ## - GENERAL NOTE
General note
942 ## - ADDED ENTRY ELEMENTS (KOHA)
Source of classification or shelving scheme Dewey Decimal Classification
Item type English Books
Classification part 000
Call number suffix CHI
Holdings
Withdrawn status Lost status Not for loan Collection code Home library Current library Date acquired Source of acquisition Cost, normal purchase price Full call number Barcode Copy number Cost, replacement price Koha item type
      Non-fiction Sarojini Nagar Sarojini Nagar 31/01/2020 DBAD/PUB 250.00 000 CHI EN-111119 1 250.00 English Books

© Delhi Public Library
Hit Counter
free hit counter